CATECHISTI PARROCCHIALI. VIA VERITÀ VITA. APRILE 1968. (Record n. 329800)

Dettagli MARC
000 -LEADER
fixed length control field 01376nas a2200277Ia 4500
001 - CONTROL NUMBER
control field R050-S1208
003 - CONTROL NUMBER IDENTIFIER
control field IT-CnALBA
008 - FIXED-LENGTH DATA ELEMENTS--GENERAL INFORMATION
fixed length control field 170116c99999999xx |||||||||||| ||und||
040 ## - CATALOGING SOURCE
Original cataloging agency IT-CnALBA
Transcribing agency IT-CnALBA
041 ## - LANGUAGE CODE
Language code of text/sound track or separate title ITALIANO
999 ## - SYSTEM CONTROL NUMBERS (KOHA)
Koha Dewey Subclass [OBSOLETE] NO
100 ## - MAIN ENTRY--PERSONAL NAME
Personal name QUAGLINI MARIA AGNES
210 ## - ABBREVIATED TITLE
Abbreviated title CATECHISTI PARROCCHIALI
222 ## - KEY TITLE
Key title CATECHISTI PARROCCHIALI
245 #0 - TITLE STATEMENT
Title CATECHISTI PARROCCHIALI. VIA VERITÀ VITA. APRILE 1968.
250 ## - EDITION STATEMENT
Edition statement 1a ed.
260 ## - PUBLICATION, DISTRIBUTION, ETC. (IMPRINT)
Place of publication, distribution, etc. ROMA
Name of publisher, distributor, etc. CENTRO CATECHISTICO PAOLINO
Date of publication, distribution, etc. 1968 [1° Ed.:1968 - Ed.Ling.Originale: 1968]
300 ## - PHYSICAL DESCRIPTION
Extent 32 p.
310 ## - CURRENT PUBLICATION FREQUENCY
Current publication frequency MENSILE
362 ## - DATES OF PUBLICATION AND/OR SEQUENTIAL DESIGNATION
Dates of publication and/or sequential designation Fascicolo: 4 / Anno: 5 (1968)
500 ## - GENERAL NOTE
General note IL NOSTRO PASSAGGIO. TEMPO LITURGICO, PASQUA. DIALOGO PER CORRISPONDENZA. FERORNATO. CANONE MESSA IN ITALIANO. MIGNOLLI M. CATECHISMO TEMPI LITURGICI, PIGNATIELLO. TESTIMONI DELLA PAROLA DI DIO. BATTISTELLA. LITURGIA. GALLIANO A. M. VEGLIA. GRAZIOSO A. SEGNALAZIONI.
501 ## - WITH NOTE
With note Società San Paolo EM - Piazza San Paolo, 14 - 12051 ALBA (CN) (non commercial uses only) ® Copyright 2017
520 ## - SUMMARY, ETC.
Summary, etc. IL NOSTRO PASSAGGIO. TEMPO LITURGICO, PASQUA. DIALOGO PER CORRISPONDENZA. FERORNATO. CANONE MESSA IN ITALIANO. MIGNOLLI M. CATECHISMO TEMPI LITURGICI, PIGNATIELLO. TESTIMONI DELLA PAROLA DI DIO. BATTISTELLA. LITURGIA. GALLIANO A. M. VEGLIA. GRAZIOSO A. SEGNALAZIONI.
650 ## - SUBJECT ADDED ENTRY--TOPICAL TERM
Topical term or geographic name as entry element CATECHESI
942 ## - ADDED ENTRY ELEMENTS (KOHA)
Koha item type RIVISTA
957 ## -
-- 1
999 ## - SYSTEM CONTROL NUMBERS (KOHA)
-- 1
Dati di copia
Withdrawn status Lost status Damaged status Not for loan Home library Current library Date acquired Total Checkouts Full call number Date last seen Price effective from Koha item type Public note
    Buone Condizioni Not For Loan ALBA - Biblioteca ALBA - Biblioteca 16/01/2017   R050-S1208 16/01/2017 16/01/2017 RIVISTA (data import: 16 gennaio 2017) - By Epidotti, Vaglietti.
CREDITS: SOCIETA' SAN PAOLO Via A.Severo, 58 - ROMA (RM) & PERIODICI SAN PAOLO SRL Via Giotto, 36 MILANO & CISF Via Giotto, 36 MILANO & EDIZIONI SAN PAOLO SRL,  Piazza Soncino, 5 CINISELLO BALSAMO (MI) -- ITALY